La bruja de la montaña / (Registro nro. 8418)

Detalles MARC
000 -LIDER
fixed length control field 00842nam a22002537a 4500
003 - IDENTIFICACDOR DE NÚMERO DE CONTROL
control field DO-SdBNP
005 - DATE AND TIME OF LATEST TRANSACTION
control field 20180221091742.0
008 - ELEMENTOS DE LONGITUD FIJA
fixed length control field 151021b 2005 sp a || 00| 0 spa d
020 ## - ISBN
International Standard Book Number 8434830957
040 ## - FUENTE DE CATALOGACIÓN
Agencia que crea de manera original el registro BPMSU
Idioma de catalogación spa
Agencia que realiza la transcripción BPMSU
082 ## - NÚMERO DE CLASIFICACIÓN DECIMAL DE DEWEY
Classification number xxxx
Item number xxxx
100 1# - ASIENTO PRINCIPAL -- NOMBRE PERSONAL
Nombre personal Díaz, Gloria Cecilia
245 10 - MENCIÓN DE TITULO
Título La bruja de la montaña /
Mención de responsabilidad Gloria Cecilia Díaz ; Ilustraciones de Emilio Urberuaga.
250 ## - MENCIÓN DE EDICION
Mención de edición 18ª ed.
260 ## - PUBLICACIÓN, DISTRIBUCIÓN, ETC. (PIE DE IMPRENTA)
Lugar de publicación, distribución, etc Madrid :
Nombre del editor, distribuidor, etc. Ediciones SM,
Fecha de publicación, distribución, etc 2005.
300 ## - DESCRIPCIÓN FÍSICA
Extensión 61 p. :
Otros detalles físicos il.
Dimensiones 20 cm.
490 1# - MENCIÓN DE SERIES
Mención de serie Barco de vapor., Serie blanca
Volume/sequential designation 37
500 ## - NOTA GENERAL
Nota general Incluye datos biográficos de la autora en la solapa de la contracubierta.
700 12 - ASIENTO SECUNDARIO -- NOMBRE PERSONAL
Nombre personal Urberuaga, Emilio,
Mención de responsabilidad il.
830 #0 - ASIENTO SECUNDARIO DE SERIE--TÍTULO UNIFORME
Título uniforme Barco de vapor., Serie blanca ;
Número de la parte o sección de una obra 37
942 ## - ADDED ENTRY ELEMENTS (KOHA)
Source of classification or shelving scheme Dewey Decimal Classification
Koha item type Libros
945 ## - INFORMACIÓN DE PROCESAMIENTO LOCAL
Información de procesamiento local Inventariado, 2018/ YL
956 ## - LOCAL ELECTRONIC LOCATION AND ACCESS (OCLC)
Nombre de host LOPEREZ
Método de acceso 10
Materiales especificados 20161123
Enlace BPMSU
Campo enlazado y núm. de secuencia 00041
Existencias
Withdrawn status Lost status Source of classification or shelving scheme Damaged status Not for loan Collection code Home library Current library Date acquired Source of acquisition Total Checkouts Full call number Barcode Date last seen Koha item type Copy number Price effective from
    Dewey Decimal Classification     Colección Juvenil General Biblioteca Pública Metropolitana Salomé Ureña Biblioteca Pública Metropolitana Salomé Ureña 10/21/2015 FUNDI   xxxx xxxx BPMSU16111498 10/21/2015 Libros    
    Dewey Decimal Classification     Colección Juvenil General Biblioteca Pública Metropolitana Salomé Ureña Biblioteca Pública Metropolitana Salomé Ureña 11/23/2016 FUNDI   xxxx xxxx BPMSU16111497 11/23/2016 Libros ej. 2 11/23/2016